Bài tập hóa lý

HO023

Shranjeno v:
Bibliografske podrobnosti
Glavni avtor: Nguyễn, Văn Duệ
Drugi avtorji: Trần, Hiệp Hải
Format: Knjiga
Jezik:Undetermined
Izdano: H. Giáo dục 2008
Teme:
Online dostop:http://lrc.tdmu.edu.vn/opac/search/detail.asp?aID=2&ID=3258
Oznake: Označite
Brez oznak, prvi označite!
Thư viện lưu trữ: Trung tâm Học liệu Trường Đại học Thủ Dầu Một
LEADER 00594nam a2200205Ia 4500
001 TDMU_3258
008 210410s9999 xx 000 0 und d
082 |a 541.076 
090 |b NG527 
100 |a Nguyễn, Văn Duệ 
245 0 |a Bài tập hóa lý 
260 |a H. 
260 |b Giáo dục 
260 |c 2008 
300 |a 524tr. 
520 |a HO023 
650 |a Hóa lý  |v Bài tập 
700 |a Trần, Hiệp Hải 
856 |u http://lrc.tdmu.edu.vn/opac/search/detail.asp?aID=2&ID=3258 
980 |a Trung tâm Học liệu Trường Đại học Thủ Dầu Một